00520 2200181 4500001002100000005001500021035002500036008004100061245005100102100001700153260004400170300002700214020002200241082000800263084001400271650004200285990001100327INLIS00000000000177420240627012826 a0010-121900000001774240627 | ind 1 aMenanggapi Tantangan Masa Depan /cAlex Dinuth0 aDinuth, Alex aJakarta :bPustaka Sinar Harapan,c1995 axiii, 524 p. ;c21 cm. a978-979-416-329-5 a354 a354 DIN m 4aIndonesia -- Politik dan pemerintahan abC1005